| 000 | 00545nam a22001817a 4500 | ||
|---|---|---|---|
| 999 |
_c196469 _d196469 |
||
| 005 | 20230627145830.0 | ||
| 010 | _aENG-137153 | ||
| 020 |
_a9789395820028 _c424.00 |
||
| 035 | _aEN-120685 | ||
| 037 | _bDBAD/PUB | ||
| 082 | _a000 | ||
| 100 | _aChalapathy, S.V. | ||
| 245 |
_aGENERAL ENGLISH-II _cby S.V. CHALAPATHY |
||
| 260 |
_aHyderabad _bSurneni mohan naidu for spectrum educational books _c2015 |
||
| 270 |
_aNear B K Guda Park, S R nagar _bhyderabad _e500038 |
||
| 300 |
_a256 _c24cm(pbk) |
||
| 942 |
_2ddc _cEN _mCHA _h000 |
||